000 00367 a2200109 4500
001 ART_4847
005 20260410161825.0
008 260409a
245 1 0 _aLa estrategia europea para el empleo
100 1 _aFreyssinet, Jacques
773 0 _tRevista de trabajo
_gEl empleo en el debate de las Américas - Año 1, Nº 1/1 (jul./dic. 2005)
_wREV4713
999 _c22699
_d22699